000 01423nam a22003977a 4500
003 CHAP
005 20220329141021.0
008 971013s1996 r 00010 d
010 _a61355
011 _a62327
035 _a66501
040 _cCHAP
090 _aTesis
100 0 0 _aMartínez Estrella, Carlos.
_972023
245 _aCalidad del agua para la agricultura del Distrito de Riego 023 San Juan del Río, Qro.
260 _aChapingo, Méx. :
_bEl autor,
_c1996
300 _a120 h.
_b; gráfs. ; anexos
502 _aTesis (Ing. Agr. Esp. en Irrigación) -- UACH. Departamento de Irrigación
590 _aALEPH
_b10
_c20130110
_lUCH01
_h1341
590 _aBATCH-UPD
_b10
_c20130110
_lUCH01
_h0311
590 _aBATCH-UPD
_b10
_c20130110
_lUCH01
_h1656
590 _aBATCH-UPD
_b10
_c20130409
_lUCH01
_h2344
590 _aBATCH-UPD
_b10
_c20130410
_lUCH01
_h1523
590 _aBATCH-UPD
_b10
_c20130913
_lUCH01
_h2237
590 _aCONVERSION
_b10
_c20130109
_lUCH01
_h1333
650 1 4 _aAgua para irrigacion.
_92430
650 1 4 _aAgua
_xAbastecimiento
_xQueretaro.
_92260
650 1 4 _aAgua
_xBacteriologia.
_92314
650 1 4 _aAgua
_xCalidad.
_92316
650 1 4 _aDistrito de Riego San Juan del Río, Qro.
_932939
700 0 _aOntiveros Amaya, Saúl.
_983332
901 _aBK
942 _cFOLL
949 _bBC
_cTES
_d-151710
_eTS1
_h29716
_i66501
_si
949 _bBC
_cTES
_d33724000621793
_eTS2
_fc.2
_h29717
_i66501
_si
999 _c61355
_d61355